[Event "Heusenstamm Schloss op"]
[Site "Heusenstamm"]
[Date "2023.11.26"]
[Round "6"]
[White "Swoboda, Philipp"]
[Black "Kulenovic, Adnan"]
[Result "1-0"]
[WhiteElo "2030"]
[BlackElo "1907"]
[PlyCount "95"]
[EventDate "2023.11.23"]
[EventType "swiss"]
[EventRounds "7"]
[EventCountry "GER"]
[SourceTitle "CB50_2023"]
[SourceDate "2023.12.13"]
[SourceVersion "1"]
[SourceVersionDate "2023.12.13"]
[SourceQuality "1"]

1. d4 g6 2. c4 Bg7 3. e4 c5 4. d5 d6 5. Nc3 Nf6 6. Nf3 0-0 7. Be2 a6 8. a4 Nbd7 9. 0-0 Ne8 10. Bf4 Qc7 11. Qd2 Ne5 12. Ne1 f5 13. h3 Nf6 14. exf5 gxf5 15. Nf3 Nxf3+ 16. Bxf3 Nd7 17. Bh5 Ne5 18. Bh6 Bxh6 19. Qxh6 Rf6 20. Qg5+ Kh8 21. f4 h6 22. Qh4 Nxc4 23. g4 Bd7 24. g5 Rg8 25. Kh1 Rfg6 26. Bxg6 Rxg6 27. Rae1 e6 28. dxe6 Bxe6 29. Rg1 Nd2 30. Re3 Qc6+ 31. Rg2 d5 32. Reg3 Nf1 33. Rd3 d4 34. Qe1 Ne3 35. Rxe3 dxe3 36. Qxe3 Kh7 37. h4 hxg5 38. fxg5 Bd5 39. Qe7+ Rg7 40. g6+ Kh8 41. Qf8+ Bg8 42. Qxf5 Re7 43. Ne4 Kg7 44. Ng3 Bd5 45. Nh5+ Kg8 46. Nf6+ Kg7 47. Nxd5 Rd7 48. Qe5+ 1-0

[Event "Heusenstamm Schloss op"]
[Site "Heusenstamm"]
[Date "2023.11.25"]
[Round "5"]
[White "Kulenovic, Adnan"]
[Black "Koehlich, Viktor"]
[Result "1-0"]
[WhiteElo "1907"]
[BlackElo "1608"]
[PlyCount "63"]
[EventDate "2023.11.23"]
[EventType "swiss"]
[EventRounds "7"]
[EventCountry "GER"]
[SourceTitle "CB50_2023"]
[SourceDate "2023.12.13"]
[SourceVersion "1"]
[SourceVersionDate "2023.12.13"]
[SourceQuality "1"]

1. c4 Nf6 2. g3 g6 3. Bg2 Bg7 4. d4 d6 5. Nf3 0-0 6. 0-0 c5 7. Nc3 Nc6 8. dxc5 dxc5 9. Be3 Be6 10. Qa4 Nd7 11. Rfd1 Qc8 12. Nd2 Nb6 13. Qb5 Nd4 14. Bxd4 cxd4 15. Nd5 Nxd5 16. cxd5 Bd7 17. Qb3 Qe8 18. a4 Rc8 19. Nf3 d3 20. exd3 b6 21. Nd2 Rc5 22. Nc4 Bg4 23. Re1 Qd7 24. Ne5 Bxe5 25. Rxe5 Qd6 26. Rae1 e6 27. f3 f6 28. R5e3 Bf5 29. g4 Rxd5 30. gxf5 Qc5 31. fxe6 f5 32. f4 1-0

[Event "Heusenstamm Sparkassen op-A 4th"]
[Site "Heusenstamm"]
[Date "2017.11.24"]
[Round "3"]
[White "Browning, Alex"]
[Black "Kulenovic, Adnan"]
[Result "1-0"]
[WhiteElo "2095"]
[BlackElo "1927"]
[PlyCount "157"]
[EventDate "2017.11.23"]
[EventType "swiss"]
[EventRounds "7"]
[EventCountry "GER"]
[SourceTitle "EXT 2019"]
[Source "ChessBase"]
[SourceDate "2018.10.10"]
[SourceVersion "1"]
[SourceVersionDate "2018.10.10"]
[SourceQuality "1"]

1. e4 e5 2. Nf3 f5 3. Nxe5 Qe7 4. d4 Nc6 5. Nxc6 Qxe4+ 6. Be2 dxc6 7. 0-0 Bd7 8. Bh5+ Kd8 9. Nc3 Qh4 10. g3 Qf6 11. Be3 Bd6 12. Qd2 h6 13. d5 c5 14. f4 Ne7 15. Bf3 Rg8 16. Bg2 Ke8 17. Rae1 Kf7 18. Qd3 a5 19. Qc4 b6 20. a4 Rge8 21. Nb5 Nc8 22. Bf2 Kf8 23. Qb3 g6 24. Rxe8+ Bxe8 25. Be1 Bf7 26. Bc3 Qd8 27. Be5 Kg8 28. c4 Na7 29. Nxd6 cxd6 30. Bc3 Nc8 31. Qc2 Ra7 32. b3 Qf8 33. Bb2 Be8 34. Qc3 Kh7 35. Re1 Re7 36. Rf1 Bd7 37. Kf2 g5 38. fxg5 hxg5 39. Qf6 Qg8 40. Bf3 Rf7 41. Qc3 Ne7 42. Re1 g4 43. Bd1 Ng6 44. Bc2 Kh6 45. Bc1+ Kh7 46. h4 gxh3 47. Rh1 f4 48. Bxf4 Qf8 49. Qd3 Rf6 50. Qf3 Kg8 51. Qh5 Qg7 52. Ke3 Rxf4 53. Qxg6 Qxg6 54. Bxg6 Rg4 55. Bc2 Rxg3+ 56. Kf4 Rc3 57. Bd1 Rc1 58. Ke3 Bg4 59. Rg1 Rxd1 60. Rxg4+ Kf7 61. Rf4+ Kg6 62. Rg4+ Kh5 63. Rg8 Rb1 64. Rh8+ Kg5 65. Rxh3 Rxb3+ 66. Ke4 Rb4 67. Rg3+ Kf6 68. Rf3+ Ke7 69. Rh3 Rxc4+ 70. Kf5 Rxa4 71. Rh7+ Kf8 72. Ke6 c4 73. Kxd6 c3 74. Rc7 Re4 75. Rxc3 b5 76. Rc5 Rb4 77. Kc7 Ke7 78. d6+ Ke6 79. d7 1-0

[Event "Rhein Main op-A 20th"]
[Site "Bad Homburg"]
[Date "2017.06.16"]
[Round "4"]
[White "Lenz, Jonas"]
[Black "Kulenovic, Adnan"]
[Result "1-0"]
[WhiteElo "2055"]
[BlackElo "1911"]
[PlyCount "145"]
[EventDate "2017.06.14"]
[EventType "swiss"]
[EventRounds "7"]
[EventCountry "GER"]
[SourceTitle "EXT 2018"]
[Source "ChessBase"]
[SourceDate "2017.10.13"]
[SourceVersion "1"]
[SourceVersionDate "2017.10.13"]
[SourceQuality "1"]

1. d4 e6 2. c4 Nf6 3. g3 c5 4. d5 d6 5. Nc3 e5 6. Bg2 h6 7. e4 Be7 8. Nge2 0-0 9. 0-0 Nh7 10. f4 f6 11. f5 Na6 12. a3 Bd7 13. Qd3 Qb8 14. Rb1 Rc8 15. b3 Qc7 16. Be3 Qd8 17. h4 Nc7 18. b4 Na6 19. Rfd1 b6 20. Bf3 Be8 21. Kg2 Rc7 22. Rdc1 Rac8 23. b5 Nb8 24. a4 Bf7 25. Ra1 Kf8 26. Ng1 Ke8 27. Qe2 Kd7 28. a5 Rb7 29. Ra2 Bf8 30. Rca1 Ke8 31. Bh5 Qe7 32. Bg6 Ng5 33. hxg5 hxg5 34. axb6 axb6 35. Qh5 Bxg6 36. Qxg6+ Kd8 37. Nh3 Nd7 38. Ra8 Kc7 39. R8a6 Rcb8 40. Rh1 Rc8 41. Nxg5 fxg5 42. Bxg5 Qe8 43. Qe6 Kb8 44. Rh7 Rbc7 45. Qxe8 Rxe8 46. g4 Kb7 47. Bh4 Nb8 48. Ra2 Be7 49. g5 Rg8 50. Kh3 Bd8 51. Rf2 Be7 52. f6 gxf6 53. gxf6 Bf8 54. Rxc7+ Kxc7 55. Ra2 Kb7 56. Ne2 Bh6 57. Ng3 Nd7 58. Nf5 Bf8 59. f7 Rh8 60. Kg4 Rh7 61. Rf2 Kc7 62. Ng3 Kc8 63. Nh5 Bh6 64. Be7 Bf8 65. Bg5 Kc7 66. Nf6 Nxf6+ 67. Bxf6 Kd7 68. Bg5 Rh1 69. Ra2 Bg7 70. Ra7+ Kc8 71. Ra8+ Kd7 72. Rg8 Rh7 73. Rxg7 1-0

[Event "Rhein Main op-A 20th"]
[Site "Bad Homburg"]
[Date "2017.06.15"]
[Round "2"]
[White "Kulenovic, Adnan"]
[Black "Kolker, Vladislav"]
[Result "1/2-1/2"]
[WhiteElo "1911"]
[BlackElo "2049"]
[PlyCount "46"]
[EventDate "2017.06.14"]
[EventType "swiss"]
[EventRounds "7"]
[EventCountry "GER"]
[SourceTitle "EXT 2018"]
[Source "ChessBase"]
[SourceDate "2017.10.13"]
[SourceVersion "1"]
[SourceVersionDate "2017.10.13"]
[SourceQuality "1"]

1. e3 g6 2. d4 Bg7 3. Nf3 d6 4. c4 Nf6 5. Nc3 0-0 6. Be2 Nbd7 7. 0-0 e5 8. Qc2 Re8 9. d5 a5 10. b3 Nc5 11. e4 Nh5 12. Bg5 f6 13. Be3 f5 14. Bxc5 dxc5 15. Rad1 Nf6 16. Bd3 f4 17. Ne1 g5 18. f3 g4 19. Qf2 Bf8 20. Be2 Kh8 21. Nd3 b6 22. Qh4 gxf3 23. Bxf3 Bd6 1/2-1/2

[Event "Frankfurt-chA"]
[Site "Frankfurt"]
[Date "2017.05.08"]
[Round "3"]
[White "Kulenovic, Adnan"]
[Black "Hofmann, Werner"]
[Result "1-0"]
[WhiteElo "1821"]
[BlackElo "1590"]
[PlyCount "117"]
[EventDate "2017.04.24"]
[EventType "swiss"]
[EventRounds "7"]
[EventCountry "GER"]
[SourceTitle "EXT 2018"]
[Source "ChessBase"]
[SourceDate "2017.10.13"]
[SourceVersion "1"]
[SourceVersionDate "2017.10.13"]
[SourceQuality "1"]

1. a3 f5 2. e4 fxe4 3. d3 Nf6 4. Nc3 d6 5. dxe4 e6 6. Nf3 Be7 7. Bc4 c6 8. Qe2 d5 9. Ba2 0-0 10. 0-0 b6 11. Rd1 Ba6 12. Qe1 Qc7 13. h3 Rd8 14. Bg5 h6 15. Bxf6 Bxf6 16. exd5 exd5 17. Nxd5 cxd5 18. Bxd5+ Rxd5 19. Qe8+ Kh7 20. Rxd5 Bb7 21. Rf5 Na6 22. Qe2 Nc5 23. Re1 Bxb2 24. Ng5+ hxg5 25. Qh5+ Kg8 26. Re8+ Rxe8 27. Qxe8+ Kh7 28. Rf8 g6 29. Rf7+ Qxf7 30. Qxf7+ Bg7 31. a4 Kh6 32. a5 Bc3 33. axb6 axb6 34. Qc7 Ba5 35. Qd8 Kg7 36. Qe7+ Kh6 37. Qf8+ Kh7 38. Qf7+ Kh6 39. Qf6 Kh7 40. Qxg5 Be4 41. c4 Bd3 42. f3 Kg7 43. Qd8 Kf7 44. Qd5+ Kg7 45. Kf2 Kh6 46. h4 Bf5 47. g4 Bb1 48. Ke3 Nb3 49. Qb5 Bc2 50. Qe8 Bd2+ 51. Ke2 Kh7 52. Qd8 Ba5 53. Kf2 Nc5 54. Qe7+ Kh8 55. h5 Bb4 56. Qd8+ Kg7 57. Qxb6 Nd3+ 58. Ke2 Ne5 59. Qxb4 1-0

[Event "Frankfurt-chA"]
[Site "Frankfurt"]
[Date "2017.04.24"]
[Round "1"]
[White "Kulenovic, Adnan"]
[Black "Panosch, Walter"]
[Result "0-1"]
[WhiteElo "1821"]
[BlackElo "1456"]
[PlyCount "48"]
[EventDate "2017.04.24"]
[EventType "swiss"]
[EventRounds "7"]
[EventCountry "GER"]
[SourceTitle "EXT 2018"]
[Source "ChessBase"]
[SourceDate "2017.10.13"]
[SourceVersion "1"]
[SourceVersionDate "2017.10.13"]
[SourceQuality "1"]

1. e4 c5 2. Nf3 d6 3. c3 Nf6 4. Be2 e6 5. 0-0 a6 6. Re1 Nc6 7. Bf1 e5 8. d4 Bg4 9. d5 Bxf3 10. Qxf3 Ne7 11. b4 cxb4 12. cxb4 Ng6 13. g3 Be7 14. Be3 h5 15. h3 h4 16. g4 Nh7 17. Nd2 Bg5 18. Nc4 Bxe3 19. Qxe3 Qf6 20. Nb6 Rd8 21. Rac1 0-0 22. Rc7 Qg5 23. Qxg5 Nxg5 24. a4 Nf3+ 0-1

[Event "Rhein Main op-A 18th"]
[Site "Bad Homburg"]
[Date "2015.06.06"]
[Round "5"]
[White "Kulenovic, Adnan"]
[Black "Kolker, Vladislav"]
[Result "1/2-1/2"]
[WhiteElo "1922"]
[BlackElo "2037"]
[PlyCount "40"]
[EventDate "2015.06.03"]
[EventType "swiss"]
[EventRounds "7"]
[EventCountry "GER"]
[SourceTitle "CBM 167 Extra"]
[Source "ChessBase"]
[SourceDate "2015.09.14"]
[SourceVersion "1"]
[SourceVersionDate "2015.09.14"]
[SourceQuality "1"]

1. a3 e5 2. e3 d6 3. d4 Nd7 4. Nf3 Ngf6 5. c4 g6 6. Nc3 Bg7 7. Be2 0-0 8. 0-0 e4 9. Nd2 Re8 10. Qc2 Qe7 11. f3 exf3 12. Nxf3 c6 13. Bd3 Nf8 14. Bd2 Bg4 15. Rae1 Rad8 16. e4 N6d7 17. Be3 Bxf3 18. gxf3 Ne6 19. Qf2 Qf6 20. Ne2 c5 1/2-1/2

[Event "Rhein Main op-A 18th"]
[Site "Bad Homburg"]
[Date "2015.06.04"]
[Round "3"]
[White "Goebel, Andreas"]
[Black "Kulenovic, Adnan"]
[Result "1/2-1/2"]
[WhiteElo "2005"]
[BlackElo "1922"]
[PlyCount "57"]
[EventDate "2015.06.03"]
[EventType "swiss"]
[EventRounds "7"]
[EventCountry "GER"]
[SourceTitle "CBM 167 Extra"]
[Source "ChessBase"]
[SourceDate "2015.09.14"]
[SourceVersion "1"]
[SourceVersionDate "2015.09.14"]
[SourceQuality "1"]

1. Nf3 Nc6 2. c4 e5 3. Nc3 h6 4. e4 g5 5. h3 Bg7 6. d3 d6 7. g4 Nge7 8. Be3 Ng6 9. d4 exd4 10. Nxd4 Nxd4 11. Bxd4 Ne5 12. Be2 Be6 13. Nd5 0-0 14. 0-0 Bxd5 15. cxd5 Ng6 16. Re1 Be5 17. Bxe5 Nxe5 18. Rc1 c5 19. dxc6 bxc6 20. Qd4 Qf6 21. Kg2 Nxg4 22. Qxf6 Nxf6 23. Rxc6 Nxe4 24. Bf3 d5 25. Bxe4 dxe4 26. Rxe4 Rab8 27. b3 Rb7 28. Ra4 f6 29. Kg3 1/2-1/2

[Event "Hessen-ch op-A"]
[Site "Frankfurt Sossenheim"]
[Date "2015.??.??"]
[Round "2"]
[White "Kuhn, Gerhard"]
[Black "Kulenovic, Adnan"]
[Result "1/2-1/2"]
[WhiteElo "1980"]
[BlackElo "1904"]
[PlyCount "152"]
[EventDate "2015.05.13"]
[EventType "swiss"]
[EventRounds "7"]
[EventCountry "GER"]
[SourceTitle "EXT 2016"]
[Source "ChessBase"]
[SourceDate "2015.10.08"]
[SourceVersion "1"]
[SourceVersionDate "2015.10.08"]
[SourceQuality "1"]

1. e4 e5 2. Nf3 f5 3. Nxe5 Qe7 4. Qh5+ g6 5. Nxg6 Qxe4+ 6. Be2 Nf6 7. Qh3 hxg6 8. Qxh8 Qxg2 9. Rf1 Kf7 10. d3 Nc6 11. Bh6 Bxh6 12. Qxh6 Nd4 13. Qd2 Ng4 14. Nc3 Nxh2 15. 0-0-0 Nxf1 16. Bxf1 Qh2 17. Qe3 Ne6 18. Ne2 d5 19. c4 c6 20. Kb1 Bd7 21. f4 Qh8 22. Bg2 d4 23. Qg3 Qf6 24. Ng1 Rh8 25. Nf3 Be8 26. Re1 Kg7 27. Bh3 Bf7 28. Bg2 Re8 29. Kc2 Nf8 30. Ne5 Re7 31. Qf2 c5 32. Rb1 Nd7 33. Nxf7 Qxf7 34. Bd5 Qf6 35. Qh2 Kf8 36. Bxb7 Rg7 37. Bd5 Ke7 38. Qh8 Qf8 39. Qh4+ Kd6 40. Re1 Re7 41. a3 Nf6 42. Bf3 Qf7 43. Qg3 Nh5 44. Rxe7 Kxe7 45. Qg5+ Nf6 46. Qg2 Kf8 47. Qg5 Kg7 48. Qg2 Qe6 49. Qg1 Ng4 50. Bxg4 fxg4 51. Kd2 Kf6 52. Qf2 Kf5 53. b4 cxb4 54. axb4 Qd6 55. c5 Qxf4+ 56. Ke1 Qxf2+ 57. Kxf2 Ke5 58. Kg3 Kd5 59. Kxg4 a5 60. bxa5 Kxc5 61. Kg5 Kb5 62. Kxg6 Kxa5 63. Kf5 Kb4 64. Ke5 Kc5 65. Ke4 Kc6 66. Kxd4 Kd6 67. Ke4 Ke6 68. d4 Kd6 69. d5 Kd7 70. Ke5 Ke7 71. d6+ Kd7 72. Kd5 Kd8 73. Ke5 Kd7 74. Kd5 Kd8 75. Ke6 Ke8 76. Ke5 Kd7 1/2-1/2

[Event "Karl Mala Memorial op-A 17th"]
[Site "Frankfurt"]
[Date "2014.08.01"]
[Round "3"]
[White "Kulenovic, Adnan"]
[Black "Saida, Hazim"]
[Result "0-1"]
[WhiteElo "1941"]
[BlackElo "1548"]
[PlyCount "68"]
[EventDate "2014.07.31"]
[EventType "swiss"]
[EventRounds "7"]
[EventCountry "GER"]
[SourceTitle "EXT 2015"]
[Source "ChessBase"]
[SourceDate "2014.11.20"]
[SourceVersion "1"]
[SourceVersionDate "2014.11.20"]
[SourceQuality "1"]

1. e4 d5 2. Nc3 d4 3. Nce2 e5 4. f4 Nc6 5. Nf3 exf4 6. d3 g5 7. c3 dxc3 8. bxc3 g4 9. Nfd4 Nxd4 10. Nxd4 Qh4+ 11. Kd2 c5 12. Nb5 Qd8 13. a4 Bg7 14. Bb2 a6 15. Na3 Be6 16. Be2 Qg5 17. Kc2 f5 18. exf5 Qxf5 19. Qf1 0-0-0 20. Rd1 Ne7 21. Bc1 Nd5 22. Qf2 Nxc3 23. Rd2 Bd4 24. Qf1 c4 25. Nb1 Nxe2 26. Qxe2 Bf6 27. Kd1 cxd3 28. Qf2 Bb3+ 29. Ke1 Rhe8+ 30. Kf1 Bd4 31. Qh4 f3 32. Bb2 fxg2+ 33. Kxg2 Bd5+ 34. Kg3 Re3# 0-1

[Event "Frankfurt-chA"]
[Site "Frankfurt"]
[Date "2014.05.26"]
[Round "5"]
[White "Kulenovic, Adnan"]
[Black "Plattner, Rolf"]
[Result "1-0"]
[WhiteElo "1913"]
[BlackElo "1740"]
[PlyCount "53"]
[EventDate "2014.04.28"]
[EventType "swiss"]
[EventRounds "7"]
[EventCountry "GER"]
[SourceTitle "EXT 2015"]
[Source "ChessBase"]
[SourceDate "2014.11.20"]
[SourceVersion "1"]
[SourceVersionDate "2014.11.20"]
[SourceQuality "1"]

1. e4 c5 2. Nf3 d6 3. d4 cxd4 4. Nxd4 Nf6 5. Nc3 a6 6. Bg5 e6 7. f4 Be7 8. Qf3 Qc7 9. 0-0-0 Nbd7 10. g4 b5 11. Bxf6 gxf6 12. Bg2 Bb7 13. Rhe1 Nb6 14. Rd3 b4 15. Nce2 Rc8 16. c3 Na4 17. Kb1 bxc3 18. Nxc3 Nc5 19. Rde3 Qb6 20. Qe2 0-0 21. Nd5 Qd8 22. Rh3 Re8 23. g5 Nd7 24. Qh5 Nf8 25. Qh6 fxg5 26. fxg5 Kh8 27. Nf6 1-0

[Event "Frankfurt-chA"]
[Site "Frankfurt"]
[Date "2014.04.28"]
[Round "1"]
[White "Kulenovic, Adnan"]
[Black "Gude, Michael"]
[Result "1-0"]
[WhiteElo "1913"]
[BlackElo "1587"]
[PlyCount "126"]
[EventDate "2014.04.28"]
[EventType "swiss"]
[EventRounds "7"]
[EventCountry "GER"]
[SourceTitle "EXT 2015"]
[Source "ChessBase"]
[SourceDate "2014.11.20"]
[SourceVersion "1"]
[SourceVersionDate "2014.11.20"]
[SourceQuality "1"]

1. e4 e5 2. b3 Nc6 3. f4 exf4 4. d4 Qh4+ 5. Ke2 d6 6. Nf3 Bg4 7. Bxf4 Bxf3+ 8. Kxf3 0-0-0 9. Nc3 Qf6 10. Ke3 Nge7 11. Qg4+ Kb8 12. Rd1 Re8 13. Bd3 Qxd4+ 14. Kd2 Ne5 15. Qg3 Nxd3 16. cxd3 Ng6 17. Be3 Qe5 18. Qf2 a6 19. Rc1 Be7 20. Qxf7 Bg5 21. Nd5 Bxe3+ 22. Nxe3 Qa5+ 23. Kd1 Rhf8 24. Qxg7 Rf2 25. Qc3 Qxc3 26. Rxc3 Rxa2 27. Rf1 Rf8 28. Rxf8+ Nxf8 29. Rc2 Ra1+ 30. Kd2 Ne6 31. Rc1 Ra3 32. Kc3 Nc5 33. Rb1 c6 34. Nc4 Ra2 35. Rb2 Rxb2 36. Nxb2 Kc7 37. b4 Nd7 38. g4 Ne5 39. h3 Ng6 40. Nd1 Kd7 41. Kd4 b6 42. Ke3 c5 43. bxc5 bxc5 44. d4 cxd4+ 45. Kxd4 Nf4 46. h4 Ng2 47. h5 Nf4 48. e5 dxe5+ 49. Kxe5 Ne6 50. Kf6 a5 51. Nc3 Nf8 52. Kf7 Ne6 53. Na4 Kd6 54. Kf6 Nc5 55. Nc3 a4 56. Nxa4 Nxa4 57. g5 Nc5 58. Kg7 Ke6 59. Kxh7 Nd7 60. Kg7 Ne5 61. g6 Kf5 62. Kh7 Kg5 63. g7 Nd7 1-0

[Event "Karl Mala Memorial op-A 16th"]
[Site "Frankfurt"]
[Date "2013.07.12"]
[Round "3"]
[White "Ernst, Rolf"]
[Black "Kulenovic, Adnan"]
[Result "1-0"]
[WhiteElo "2118"]
[BlackElo "1904"]
[PlyCount "205"]
[EventDate "2013.07.11"]
[EventType "swiss"]
[EventRounds "7"]
[EventCountry "GER"]
[SourceTitle "EXT 2014"]
[Source "ChessBase"]
[SourceDate "2013.11.20"]
[SourceVersion "1"]
[SourceVersionDate "2013.11.20"]
[SourceQuality "1"]

1. d4 Nc6 2. Nf3 d6 3. c4 e5 4. Nc3 Bg4 5. d5 Nce7 6. e4 g6 7. Be2 Bg7 8. 0-0 Bxf3 9. Bxf3 f5 10. Rb1 Nf6 11. b4 0-0 12. Rb3 a6 13. Qc2 f4 14. Qe2 g5 15. Bg4 Qe8 16. Be6+ Kh8 17. Nd1 Qg6 18. f3 Rfb8 19. c5 Bf8 20. cxd6 cxd6 21. Nf2 Ne8 22. Rc3 b5 23. Bb2 Ng7 24. Bh3 Rb7 25. Rfc1 Ne8 26. R3c2 h5 27. g3 fxg3 28. hxg3 Bh6 29. Bg2 Kg8 30. Nd3 Raa7 31. Bc3 Rc7 32. Bd2 Rxc2 33. Rxc2 Rc7 34. Rxc7 Nxc7 35. Be3 Ne8 36. Kf1 Nf6 37. Bd2 Qe8 38. Nb2 Qc8 39. Qd3 Kg7 40. Nd1 h4 41. g4 Nd7 42. Ne3 Nb6 43. Kf2 Qc7 44. Bf1 Kg6 45. Qb3 Kf6 46. Nd1 Nec8 47. Nb2 Kg6 48. a4 Qd7 49. axb5 axb5 50. Be3 Na8 51. Qa3 Nc7 52. Nd1 Bf8 53. Kg2 Be7 54. Bf2 Bd8 55. Nc3 Kg7 56. Nd1 Ne7 57. Ne3 Ng6 58. Nf5+ Kf6 59. Qa7 Nf8 60. Qb8 Ng6 61. Qb7 Ne7 62. Be3 Nxf5 63. gxf5 Kg7 64. Kf2 Kh6 65. Bh3 Qe7 66. Qc6 Kg7 67. Bg4 Kf8 68. Kg2 Kg7 69. Kh3 Kf7 70. Bh5+ Kg7 71. Bg4 Kf8 72. Kg2 Kg7 73. Kf2 Kf8 74. Ke2 Kg7 75. Kd3 Kf8 76. Bb6 Kg7 77. Bxc7 Qxc7 78. Qxb5 Qa7 79. Ke2 Bb6 80. Qc4 Qa3 81. Kd2 Qb2+ 82. Kd3 Qf2 83. Qc6 Qf1+ 84. Kc2 Qf2+ 85. Kb3 Qe3+ 86. Ka4 Bd4 87. f6+ Kxf6 88. Qxd6+ Kg7 89. Qe7+ Kh6 90. Bf5 g4 91. Qxh4+ Kg7 92. Qh7+ Kf8 93. Qh8+ Kf7 94. Be6+ Kg6 95. Qg8+ Kf6 96. fxg4 Qh6 97. g5+ Qxg5 98. Qxg5+ Kxg5 99. Kb5 Kf6 100. Kc6 Ke7 101. Kc7 Bf2 102. Bf5 Bh4 103. d6+ 1-0

[Event "Rhein Main op-A 16th"]
[Site "Bad Homburg"]
[Date "2013.05.31"]
[Round "4"]
[White "Weiland, Thomas"]
[Black "Kulenovic, Adnan"]
[Result "0-1"]
[WhiteElo "2015"]
[BlackElo "1904"]
[PlyCount "40"]
[EventDate "2013.05.29"]
[EventType "swiss"]
[EventRounds "7"]
[EventCountry "GER"]
[SourceTitle "EXT 2014"]
[Source "ChessBase"]
[SourceDate "2013.11.20"]
[SourceVersion "1"]
[SourceVersionDate "2013.11.20"]
[SourceQuality "1"]

1. e4 e5 2. Nf3 f5 3. d4 d6 4. Nc3 fxe4 5. Nxe4 exd4 6. Nxd4 c6 7. Be2 Nf6 8. Bg5 Be7 9. Bxf6 Bxf6 10. Nxf6+ Qxf6 11. Bc4 d5 12. Be2 0-0 13. 0-0 Nd7 14. c3 Ne5 15. Qd2 Ng6 16. c4 Nf4 17. cxd5 Qxd4 18. Qxd4 Nxe2+ 19. Kh1 Nxd4 20. dxc6 Nxc6 0-1